| 000 | 00730nam a22002177a 4500 | ||
|---|---|---|---|
| 999 |
_c15084 _d15084 |
||
| 003 | AR-CdUCM | ||
| 008 | 190425b ||||| |||| 00| 0 spa d | ||
| 020 | _a978-84-683-0368-0 | ||
| 040 |
_aMUNICIPALIDAD PROVINCIAL DEL CUSCO _cBIBLIOTECA MUNICIPAL DEL CUSCO |
||
| 082 |
_aPI / 376.1 / _bAR66 |
||
| 100 |
_aAránega, Mercé _934103 |
||
| 245 |
_aLa deportividad : _bEl dragón Simón y la gran competición / |
||
| 260 |
_aBarcelona : _bEdebé, _c2012. |
||
| 300 |
_bilustraciones, _c21 cm. |
||
| 650 |
_aAprendizaje infantil _933271 |
||
| 650 |
_aTexto infantil _929090 |
||
| 650 |
_aLiteratura infantil _9588 |
||
| 700 |
_aValencia, Elena (edición y traducción) _934104 |
||
| 942 |
_2ddc _cLIBROS |
||
| 945 |
_aachl _d2019-04-25 |
||